| 000 | 00728nam a22002177a 4500 | ||
|---|---|---|---|
| 003 | OSt | ||
| 005 | 20260502020155.0 | ||
| 008 | 260502b |||||||| |||| 00| 0 eng d | ||
| 020 | _a0-538-72708-X | ||
| 040 |
_aDWCL-Main lib _cOC |
||
| 082 | _aCirc. 650.14 L664g 2004 | ||
| 100 | _aLevitt, Julie Griffin | ||
| 245 |
_aYour career : _bhow to make it happen/ _cLevitt, Julie Griffin |
||
| 260 |
_aAustralia : _bThomson/South-Western, _cc2004 |
||
| 300 |
_axxiii, 344 p. : _bcol. ill. ; _c27 cm. _e+ 1 CD-ROM. |
||
| 504 | _aIncludes bibliographical references and index. | ||
| 650 | _a1. Employment interviewing. | ||
| 650 | _a2. Job hunting. | ||
| 650 | _a3. Resume's (Employment). | ||
| 942 |
_2ddc _cBK-CIRC _hCirc. _n0 |
||
| 999 |
_c10165 _d10165 |
||